[Event "Hampshire Major"]
[Site "Fareham"]
[Date "2018.11.02"]
[Round "1"]
[White "O'Gorman, Brendan"]
[Black "Sawers, Kevin"]
[Result "1/2-1/2"]
[WhiteElo "1832"]
[BlackElo "1616"]
[PlyCount "108"]
[EventDate "2018.11.02"]
[EventType "swiss"]
[EventRounds "6"]
[EventCountry "ENG"]
[SourceTitle "BritBase"]
[Source "John Saunders"]
[SourceDate "2018.11.12"]
[SourceVersion "1"]
[SourceVersionDate "2018.11.12"]
[SourceQuality "1"]

1. d4 Nf6 2. c4 g6 3. Nc3 Bg7 4. e4 d6 5. Be2 O-O 6. f4 Na6 7. Nf3 e5 8. fxe5 dxe5 9. d5 Nc5 10. Qc2 a5 11. O-O Nh5 12. Bg5 f6 13. Be3 Qe7 14. Nd2 f5 15. Bxh5 f4 16. Bf2 gxh5 17. Nf3 Bg4 18. Kh1 Bf6 19. Rad1 Bxf3 20. gxf3 Bh4 21. Bxh4 Qxh4 22. Qf2 Qe7 23. Rg1+ Kh8 24. Nb5 b6 25. b3 Nb7 26. Qb2 Rg8 27. Qd2 Rxg1+ 28. Rxg1 Rg8 29. Rxg8+ Kxg8 30. Qg2+ Kh8 31. Qh3 Qb4 32. Qc8+ Kg7 33. Qxc7+ Kg8 34. Qc8+ Kg7 35. Qxb7+ Kf8 36. Qxb6 Qe1+ 37. Qg1 Qe2 38. Qc5+ Kg8 39. Qc8+ Kg7 40. Qd7+ Kf8 41. Qf5+ Kg8 42. Qg5+ Kf8 43. Qd8+ Kg7 44. Qe7+ Kg8 45. Qe8+ Kg7 46. Qxe5+ Kg8 47. Qe6+ Kg7 48. Qh3 Qd1+ 49. Kg2 Qe2+ 50. Kg1 Qe3+ 51. Kf1 Qc1+ 52. Ke2 Qc2+ 53. Ke1 Qc1+ 54. Ke2 Qc2+ 1/2-1/2

[Event "Hampshire Major"]
[Site "Fareham"]
[Date "2018.11.02"]
[Round "1"]
[White "Belinger, John"]
[Black "Venables, Simon"]
[Result "1-0"]
[WhiteElo "1592"]
[BlackElo "1784"]
[PlyCount "71"]
[EventDate "2018.11.02"]
[EventType "swiss"]
[EventRounds "6"]
[EventCountry "ENG"]
[SourceTitle "BritBase"]
[Source "John Saunders"]
[SourceDate "2018.11.12"]
[SourceVersion "1"]
[SourceVersionDate "2018.11.12"]
[SourceQuality "1"]

1. e4 g6 2. d4 Bg7 3. Nc3 d6 4. f4 Nc6 5. Nf3 Bg4 6. Be3 e5 7. dxe5 dxe5 8. Bb5 Bxf3 9. Qxf3 Nge7 10. Rd1 Qc8 11. Bc5 a6 12. Bxc6+ Nxc6 13. O-O b6 14. Ba3 Nd4 15. Qf2 c5 16. fxe5 O-O 17. Rxd4 cxd4 18. Bxf8 Qxf8 19. Qxd4 Rd8 20. Qxb6 Bxe5 21. Nd5 Rd6 22. Qb3 Qh6 23. g3 Re6 24. Qb7 Qf8 25. b4 Kg7 26. c4 h5 27. c5 h4 28. Kg2 g5 29. c6 hxg3 30. hxg3 Bxg3 31. Kxg3 Qd6+ 32. Kg2 Rxe4 33. Qxf7+ Kh8 34. Rh1+ Rh4 35. Rxh4+ gxh4 36. Qf6+ 1-0

[Event "Hampshire Major"]
[Site "Fareham"]
[Date "2018.11.02"]
[Round "1"]
[White "Page, Robert"]
[Black "Jones, Amanda"]
[Result "1-0"]
[WhiteElo "1752"]
[BlackElo "1584"]
[PlyCount "109"]
[EventDate "2018.11.02"]
[EventType "swiss"]
[EventRounds "6"]
[EventCountry "ENG"]
[SourceTitle "BritBase"]
[Source "John Saunders"]
[SourceDate "2018.11.12"]
[SourceVersion "1"]
[SourceVersionDate "2018.11.12"]
[SourceQuality "1"]

1. e4 c5 2. Nf3 b6 3. d4 e6 4. Nc3 cxd4 5. Nxd4 Bb7 6. Bd3 Bc5 7. Nf3 Nc6 8. a3 a5 9. O-O h6 10. Na4 d6 11. Nxc5 dxc5 12. Be3 e5 13. Re1 Nge7 14. Qd2 Ba6 15. Rad1 Bxd3 16. Qxd3 Qxd3 17. Rxd3 f6 18. c3 O-O 19. Red1 f5 20. Rd7 fxe4 21. Nxe5 Nxe5 22. Rxe7 Rfe8 23. Rb7 Red8 24. Rf1 Nc4 25. Bc1 Rab8 26. Re7 Re8 27. Rd7 Ne5 28. Rd6 Nd3 29. Rg6 Kf7 30. Rg3 Rbd8 31. Re3 Nxc1 32. Rxc1 Rd3 33. Rce1 Rxe3 34. Rxe3 c4 35. Kf1 a4 36. Ke2 Re6 37. Rg3 h5 38. Rg5 g6 39. Rb5 Kf6 40. Rb4 Kf5 41. Rxc4 b5 42. Rd4 Re5 43. Ke3 g5 44. Rd8 Kg4 45. Rd4 Kf5 46. h3 h4 47. Rd8 Kg6 48. Kd4 Rf5 49. Ke3 Re5 50. g3 Rf5 51. Rd6+ Kg7 52. Rb6 hxg3 53. fxg3 Rf3+ 54. Kxe4 Rxg3 55. Kf5 1-0

[Event "Hampshire Major"]
[Site "Fareham"]
[Date "2018.11.02"]
[Round "1"]
[White "Hamilton, Melissa"]
[Black "Coburn, Joe"]
[Result "1/2-1/2"]
[WhiteElo "1744"]
[BlackElo "1576"]
[PlyCount "77"]
[EventDate "2018.11.02"]
[EventType "swiss"]
[EventRounds "6"]
[EventCountry "ENG"]
[SourceTitle "BritBase"]
[Source "John Saunders"]
[SourceDate "2018.11.12"]
[SourceVersion "1"]
[SourceVersionDate "2018.11.12"]
[SourceQuality "1"]

1. d4 Nf6 2. c4 e6 3. Nf3 d5 4. cxd5 exd5 5. Nc3 c6 6. Bf4 Bd6 7. Bxd6 Qxd6 8. e3 Nbd7 9. a3 Ne4 10. Rc1 Ndf6 11. h3 O-O 12. Bd3 Re8 13. Bxe4 Nxe4 14. O-O Bf5 15. Nh2 Re6 16. Nf3 Rh6 17. Ne2 Bxh3 18. gxh3 Rxh3 19. Nf4 Rh6 20. Re1 g5 21. Nd3 f6 22. Kf1 Re8 23. Ke2 g4 24. Rg1 Rg6 25. Nd2 Qh2 26. Qf1 Re7 27. Nf4 Qxf4 28. exf4 Ng3+ 29. Kd3 Nxf1 30. Nxf1 Re4 31. f5 Rg5 32. Ne3 Rf4 33. Rg2 h5 34. Rh1 Kg7 35. Rh4 Kh6 36. Rh1 Rf3 37. Ke2 Rf4 38. Kd3 Rf3 39. Ke2 1/2-1/2

[Event "Hampshire Major"]
[Site "Fareham"]
[Date "2018.11.03"]
[Round "2"]
[White "Agostinelli, Dave"]
[Black "Burton, Nick"]
[Result "0-1"]
[WhiteElo "1632"]
[BlackElo "1864"]
[PlyCount "88"]
[EventDate "2018.11.02"]
[EventType "swiss"]
[EventRounds "6"]
[EventCountry "ENG"]
[SourceTitle "BritBase"]
[Source "John Saunders"]
[SourceDate "2018.11.12"]
[SourceVersion "1"]
[SourceVersionDate "2018.11.12"]
[SourceQuality "1"]

1. c4 Nf6 2. Nf3 g6 3. g3 Bg7 4. Bg2 O-O 5. O-O d6 6. Nc3 e5 7. e4 Be6 8. d3 h6 9. Be3 Nc6 10. Nd5 Ng4 11. Bd2 f5 12. h3 Nf6 13. Rc1 fxe4 14. dxe4 Nxe4 15. Nh4 Nxd2 16. Qxd2 Kh7 17. Qd3 Bf5 18. Nxf5 gxf5 19. f3 Nd4 20. Kh2 c6 21. Ne3 Kh8 22. Nc2 Nxc2 23. Rxc2 Qf6 24. b3 Rad8 25. a4 Rf7 26. Rd1 d5 27. h4 f4 28. gxf4 Qxf4+ 29. Kg1 Qxh4 30. Qg6 Rf6 31. Qg4 Qxg4 32. fxg4 d4 33. Be4 Rf4 34. Bf5 Bf6 35. Kg2 Kg7 36. Rh1 d3 37. Rd2 e4 38. Re1 Bc3 39. Rdd1 Bxe1 40. Rxe1 Kf6 41. Kg3 Rxf5 42. gxf5 Kxf5 43. Kf2 Kf4 44. Rh1 e3+ 0-1

[Event "Hampshire Major"]
[Site "Fareham"]
[Date "2018.11.03"]
[Round "2"]
[White "Coburn, Joe"]
[Black "Belinger, John"]
[Result "1/2-1/2"]
[WhiteElo "1576"]
[BlackElo "1592"]
[PlyCount "43"]
[EventDate "2018.11.02"]
[EventType "swiss"]
[EventRounds "6"]
[EventCountry "ENG"]
[SourceTitle "BritBase"]
[Source "John Saunders"]
[SourceDate "2018.11.12"]
[SourceVersion "1"]
[SourceVersionDate "2018.11.12"]
[SourceQuality "1"]

1. d4 d5 2. Nf3 Nf6 3. g3 e6 4. Bg2 Be7 5. O-O O-O 6. c4 c6 7. Nc3 Nbd7 8. b3 b6 9. Bb2 Bb7 10. Rc1 Rc8 11. Nd2 Re8 12. e4 dxe4 13. Ncxe4 Nxe4 14. Nxe4 Nf6 15. f3 c5 16. d5 exd5 17. Nxf6+ Bxf6 18. Bxf6 Qxf6 19. cxd5 Qd6 20. f4 Rcd8 21. Rc2 Re7 22. Rd2 1/2-1/2

[Event "Hampshire Major"]
[Site "Fareham"]
[Date "2018.11.03"]
[Round "2"]
[White "Charalambous, Charlie"]
[Black "O'Gorman, Brendan"]
[Result "0-1"]
[WhiteElo "1384"]
[BlackElo "1832"]
[PlyCount "72"]
[EventDate "2018.11.02"]
[EventType "swiss"]
[EventRounds "6"]
[EventCountry "ENG"]
[SourceTitle "BritBase"]
[Source "John Saunders"]
[SourceDate "2018.11.12"]
[SourceVersion "1"]
[SourceVersionDate "2018.11.12"]
[SourceQuality "1"]

1. Nf3 Nf6 2. d3 c5 3. g3 Nc6 4. Bg2 d5 5. Bf4 g6 6. Ne5 Nxe5 7. Bxe5 Bg7 8. d4 O-O 9. O-O cxd4 10. Qxd4 Be6 11. Nc3 Qa5 12. g4 Rfd8 13. h3 Rac8 14. b3 Ne8 15. Rfd1 Bxe5 16. Qxe5 Qxc3 17. Qxc3 Rxc3 18. Rd2 Rdc8 19. Rc1 Kg7 20. Kh2 Nf6 21. f3 b5 22. Bf1 b4 23. Kg2 a5 24. Kf2 d4 25. Ke1 Nd5 26. Rxd4 Rxc2 27. Rxc2 Rxc2 28. Rd2 Rxd2 29. Kxd2 Nc3 30. Kc2 Nxa2 31. e4 Nc3 32. Bc4 Kf6 33. Kd3 Ke5 34. Bxe6 Kxe6 35. f4 Kd6 36. Kc4 Kc6 0-1

[Event "Hampshire Major"]
[Site "Fareham"]
[Date "2018.11.03"]
[Round "2"]
[White "Sawers, Kevin"]
[Black "Jones, Amanda"]
[Result "0-1"]
[WhiteElo "1616"]
[BlackElo "1584"]
[PlyCount "72"]
[EventDate "2018.11.02"]
[EventType "swiss"]
[EventRounds "6"]
[EventCountry "ENG"]
[SourceTitle "BritBase"]
[Source "John Saunders"]
[SourceDate "2018.11.12"]
[SourceVersion "1"]
[SourceVersionDate "2018.11.12"]
[SourceQuality "1"]

1. e4 c5 2. Nf3 b6 3. Bc4 e6 4. Nc3 Bb7 5. d3 Nc6 6. a3 Be7 7. O-O h6 8. Ne1 Nf6 9. Ba2 d5 10. Qe2 O-O 11. e5 Nh7 12. f4 Nd4 13. Qg4 Nf5 14. Qh3 Bc8 15. Nf3 f6 16. g4 Nd4 17. Nxd4 cxd4 18. Ne2 fxe5 19. fxe5 Rxf1+ 20. Qxf1 Qc7 21. Nxd4 Qxe5 22. Nc6 Bc5+ 23. Kh1 Qc7 24. b4 Bd6 25. Nd4 Bd7 26. Nf5 Rf8 27. Qh3 exf5 28. Bxd5+ Kh8 29. Bb2 Be5 30. d4 Bf6 31. Qd3 Qd6 32. c4 Bg5 33. Rf1 Nf6 34. Bg2 Nxg4 35. Qh3 f4 36. Bf3 Nf2+ 0-1

[Event "Hampshire Major"]
[Site "Fareham"]
[Date "2018.11.03"]
[Round "2"]
[White "Piecha, Lukasz"]
[Black "Hamilton, Melissa"]
[Result "0-1"]
[WhiteElo "1848"]
[BlackElo "1744"]
[PlyCount "96"]
[EventDate "2018.11.02"]
[EventType "swiss"]
[EventRounds "6"]
[EventCountry "ENG"]
[SourceTitle "BritBase"]
[Source "John Saunders"]
[SourceDate "2018.11.12"]
[SourceVersion "1"]
[SourceVersionDate "2018.11.12"]
[SourceQuality "1"]

1. d4 d5 2. c4 e6 3. Nc3 Nc6 4. Nf3 Nf6 5. e3 Be7 6. Bd3 Nb4 7. Be2 c5 8. O-O O-O 9. a3 Nc6 10. dxc5 Bxc5 11. b4 Bb6 12. Bb2 Ne7 13. Rc1 Ng6 14. Qb3 dxc4 15. Bxc4 Qe7 16. Rfd1 a6 17. b5 Nd7 18. Na4 Ba5 19. Nd4 Nb6 20. Nxb6 Bxb6 21. bxa6 Bxd4 22. axb7 Bxb7 23. Bxd4 Rxa3 24. Qb6 Rb8 25. Bf1 Qd8 26. Qb2 Raa8 27. Bxg7 Bd5 28. Qd4 Qg5 29. Bf6 Qf5 30. f3 e5 31. Bxe5 Nxe5 32. Qxd5 Qf6 33. Qe4 Re8 34. Bb5 Reb8 35. Rd5 Ng6 36. Rf5 Qb2 37. Qc4 Rf8 38. Rc2 Qb1+ 39. Kf2 Ra1 40. Kg3 Qe1+ 41. Kh3 Qxe3 42. Qg4 Rh1 43. Rcc5 Qf2 44. Rc7 Qg1 45. Qg3 Qe3 46. f4 Qe6 47. Rc6 Qxf5+ 48. Qg4 Rxh2+ 0-1

[Event "Hampshire Major"]
[Site "Fareham"]
[Date "2018.11.03"]
[Round "2"]
[White "Venables, Simon"]
[Black "Matthew, Ian G"]
[Result "1-0"]
[WhiteElo "1784"]
[BlackElo "1688"]
[PlyCount "53"]
[EventDate "2018.11.02"]
[EventType "swiss"]
[EventRounds "6"]
[EventCountry "ENG"]
[SourceTitle "BritBase"]
[Source "John Saunders"]
[SourceDate "2018.11.12"]
[SourceVersion "1"]
[SourceVersionDate "2018.11.12"]
[SourceQuality "1"]

1. d4 d5 2. c4 Nc6 3. Nc3 dxc4 4. d5 Ne5 5. e4 Bg4 6. f3 Bh5 7. Bf4 Nd3+ 8. Bxd3 cxd3 9. Qxd3 a6 10. Nge2 e5 11. Bxe5 Qg5 12. Qd4 Bc5 13. Qa4+ Kf8 14. Bg3 f5 15. Nf4 Bf7 16. e5 Qe7 17. e6 Be8 18. Qc2 Nh6 19. O-O-O g5 20. Nd3 Be3+ 21. Kb1 Bg6 22. Ne5 Be8 23. Rhe1 f4 24. Rxe3 fxe3 25. Qe4 Bg6 26. Nxg6+ hxg6 27. d6 1-0

[Event "Hampshire Major"]
[Site "Fareham"]
[Date "2018.11.03"]
[Round "2"]
[White "Sellen, John R"]
[Black "Smith, Chris"]
[Result "1/2-1/2"]
[WhiteElo "1648"]
[BlackElo "1712"]
[PlyCount "61"]
[EventDate "2018.11.02"]
[EventType "swiss"]
[EventRounds "6"]
[EventCountry "ENG"]
[SourceTitle "BritBase"]
[Source "John Saunders"]
[SourceDate "2018.11.12"]
[SourceVersion "1"]
[SourceVersionDate "2018.11.12"]
[SourceQuality "1"]

1. f4 d5 2. Nf3 Nc6 3. e3 Nf6 4. d4 Bf5 5. c3 h6 6. Bd3 Ne4 7. Qe2 e6 8. Nbd2 Be7 9. O-O Nb8 10. Ne5 Nd7 11. Nxd7 Qxd7 12. Nxe4 Bxe4 13. Qc2 f5 14. Qe2 h5 15. Bb5 c6 16. Bd3 g5 17. Bd2 gxf4 18. exf4 O-O-O 19. Bxe4 dxe4 20. Kh1 Rdg8 21. Rg1 Bd6 22. Raf1 h4 23. h3 Qc7 24. Be3 Rg3 25. Qf2 Rhg8 26. Qe2 Rxe3 27. Qxe3 Rg3 28. Qe2 Qh7 29. Rf2 Qh6 30. Rgf1 Qg6 31. Rg1 1/2-1/2

[Event "Hampshire Major"]
[Site "Fareham"]
[Date "2018.11.03"]
[Round "3"]
[White "Burton, Nick"]
[Black "Hudson, Jeremy"]
[Result "1/2-1/2"]
[WhiteElo "1864"]
[BlackElo "1656"]
[PlyCount "29"]
[EventDate "2018.11.02"]
[EventType "swiss"]
[EventRounds "6"]
[EventCountry "ENG"]
[SourceTitle "BritBase"]
[Source "John Saunders"]
[SourceDate "2018.11.12"]
[SourceVersion "1"]
[SourceVersionDate "2018.11.12"]
[SourceQuality "1"]

1. e4 e5 2. Nc3 Nf6 3. f4 d5 4. fxe5 Nxe4 5. d3 Qh4+ 6. g3 Nxg3 7. Nf3 Qh5 8. Nxd5 Nxh1 9. Nxc7+ Kd8 10. Nxa8 Bg4 11. Bg2 Be7 12. Bxh1 Bh4+ 13. Kf1 Nc6 14. d4 Kc8 15. Bf4 1/2-1/2

[Event "Hampshire Major"]
[Site "Fareham"]
[Date "2018.11.03"]
[Round "3"]
[White "Page, Robert"]
[Black "O'Gorman, Brendan"]
[Result "1/2-1/2"]
[WhiteElo "1752"]
[BlackElo "1832"]
[PlyCount "46"]
[EventDate "2018.11.02"]
[EventType "swiss"]
[EventRounds "6"]
[EventCountry "ENG"]
[SourceTitle "BritBase"]
[Source "John Saunders"]
[SourceDate "2018.11.12"]
[SourceVersion "1"]
[SourceVersionDate "2018.11.12"]
[SourceQuality "1"]

1. e4 c5 2. Nf3 a6 3. d4 cxd4 4. Nxd4 Nf6 5. Nc3 e5 6. Nf3 Bb4 7. Bd2 d6 8. Bd3 O-O 9. a3 Bxc3 10. Bxc3 Nbd7 11. O-O Nc5 12. Re1 Qc7 13. h3 Na4 14. Qd2 Nxc3 15. bxc3 Bd7 16. c4 h6 17. Rab1 Rab8 18. Qb4 b5 19. cxb5 Bxb5 20. Bxb5 Rxb5 21. Qa4 Ra5 22. Qb4 Rb5 23. Qa4 Ra5 1/2-1/2

[Event "Hampshire Major"]
[Site "Fareham"]
[Date "2018.11.03"]
[Round "3"]
[White "Belinger, John"]
[Black "Hamilton, Melissa"]
[Result "1-0"]
[WhiteElo "1592"]
[BlackElo "1744"]
[PlyCount "73"]
[EventDate "2018.11.02"]
[EventType "swiss"]
[EventRounds "6"]
[EventCountry "ENG"]
[SourceTitle "BritBase"]
[Source "John Saunders"]
[SourceDate "2018.11.12"]
[SourceVersion "1"]
[SourceVersionDate "2018.11.12"]
[SourceQuality "1"]

1. e4 e5 2. Nf3 d6 3. d4 exd4 4. Nxd4 Nf6 5. Nc3 b6 6. Bb5+ Bd7 7. Bxd7+ Qxd7 8. O-O Be7 9. Re1 Nc6 10. Nxc6 Qxc6 11. Nd5 Qd7 12. Bg5 Qd8 13. Nxe7 Qxe7 14. Qf3 Qe5 15. Bf4 Qh5 16. e5 O-O 17. exf6 Qxf3 18. gxf3 gxf6 19. Re7 Rac8 20. Bh6 Rfd8 21. Kh1 Re8 22. Rg1+ Kh8 23. Bg7+ Kg8 24. Bxf6+ Kf8 25. Rge1 a6 26. Rxe8+ Rxe8 27. Bg7+ Kxg7 28. Rxe8 Kf6 29. Rc8 a5 30. Rxc7 b5 31. Rb7 b4 32. Rb5 Ke7 33. Rxa5 Kd8 34. Rb5 b3 35. Rxb3 Kc7 36. a4 Kc6 37. a5 1-0

[Event "Hampshire Major"]
[Site "Fareham"]
[Date "2018.11.03"]
[Round "3"]
[White "Jones, Amanda"]
[Black "Venables, Simon"]
[Result "0-1"]
[WhiteElo "1584"]
[BlackElo "1784"]
[PlyCount "60"]
[EventDate "2018.11.02"]
[EventType "swiss"]
[EventRounds "6"]
[EventCountry "ENG"]
[SourceTitle "BritBase"]
[Source "John Saunders"]
[SourceDate "2018.11.12"]
[SourceVersion "1"]
[SourceVersionDate "2018.11.12"]
[SourceQuality "1"]

1. d4 g6 2. Bf4 Bg7 3. Nf3 c5 4. c3 cxd4 5. cxd4 Nc6 6. e3 d6 7. Nc3 Nf6 8. Bc4 Bg4 9. h3 Bxf3 10. Qxf3 O-O 11. O-O Rc8 12. Bb3 Na5 13. Rfc1 Nxb3 14. axb3 Qb6 15. Nd5 Nxd5 16. Qxd5 a6 17. Rc3 e5 18. dxe5 Rxc3 19. bxc3 dxe5 20. Bxe5 Rd8 21. Qe4 Re8 22. f4 Bxe5 23. fxe5 Qxb3 24. Rb1 Qxc3 25. Rxb7 Rxe5 26. Rb8+ Kg7 27. Qa8 Qxe3+ 28. Kh2 Qf4+ 29. g3 Re2+ 30. Kg1 Qf2+ 0-1

[Event "Hampshire Major"]
[Site "Fareham"]
[Date "2018.11.03"]
[Round "3"]
[White "Smith, Chris"]
[Black "Sawers, Kevin"]
[Result "0-1"]
[WhiteElo "1712"]
[BlackElo "1616"]
[PlyCount "62"]
[EventDate "2018.11.02"]
[EventType "swiss"]
[EventRounds "6"]
[EventCountry "ENG"]
[SourceTitle "BritBase"]
[Source "John Saunders"]
[SourceDate "2018.11.12"]
[SourceVersion "1"]
[SourceVersionDate "2018.11.12"]
[SourceQuality "1"]

1. c4 Nf6 2. Nc3 g6 3. g3 Bg7 4. Bg2 O-O 5. e3 d6 6. Nge2 e5 7. d4 Nc6 8. d5 Ne7 9. e4 a6 10. f3 Rb8 11. Be3 Nd7 12. O-O b5 13. b3 b4 14. Na4 f5 15. Rc1 Nb6 16. Nb2 f4 17. gxf4 exf4 18. Bd4 Bh6 19. Kh1 Nd7 20. Nd3 c5 21. Bb2 g5 22. e5 Nf5 23. Rg1 Ne3 24. Qd2 Nxe5 25. Bxe5 dxe5 26. Nxc5 Qb6 27. Ne4 Bf5 28. Rge1 Bxe4 29. fxe4 Nxg2 30. Rf1 Qe3 31. Rc2 Qxe4 0-1

[Event "Hampshire Major"]
[Site "Fareham"]
[Date "2018.11.03"]
[Round "3"]
[White "Sellen, John R"]
[Black "Charalambous, Charlie"]
[Result "1/2-1/2"]
[WhiteElo "1648"]
[BlackElo "1384"]
[PlyCount "99"]
[EventDate "2018.11.02"]
[EventType "swiss"]
[EventRounds "6"]
[EventCountry "ENG"]
[SourceTitle "BritBase"]
[Source "John Saunders"]
[SourceDate "2018.11.12"]
[SourceVersion "1"]
[SourceVersionDate "2018.11.12"]
[SourceQuality "1"]

1. f4 g6 2. Nf3 Bg7 3. e3 e6 4. d4 Ne7 5. c3 O-O 6. e4 d5 7. e5 Nf5 8. Bd3 Nh4 9. O-O Nxf3+ 10. Qxf3 f5 11. exf6 Qxf6 12. Qf2 Nc6 13. Nd2 Ne7 14. Nf3 Nf5 15. g4 Nd6 16. Ne5 Ne4 17. Bxe4 dxe4 18. Bd2 Qe7 19. Qg3 Bf6 20. Qe3 Qd8 21. Rac1 b6 22. Qxe4 Qd5 23. Qxd5 exd5 24. h3 Ba6 25. Rf3 Bxe5 26. dxe5 Bb7 27. Rf2 Rae8 28. f5 gxf5 29. gxf5 Bc8 30. e6 Kg7 31. Bg5 h6 32. Bh4 Kh7 33. Kh2 c5 34. Rd1 Bxe6 35. fxe6 Rxf2+ 36. Bxf2 Rxe6 37. Re1 Rxe1 38. Bxe1 a5 39. Bg3 b5 40. Bd6 c4 41. Bc7 a4 42. a3 Kg6 43. Kg3 Kf5 44. h4 b4 45. axb4 d4 46. cxd4 c3 47. bxc3 a3 48. b5 a2 49. b6 a1=Q 50. d5 1/2-1/2

[Event "Hampshire Major"]
[Site "Fareham"]
[Date "2018.11.03"]
[Round "3"]
[White "Matthew, Ian G"]
[Black "Piecha, Lukasz"]
[Result "1-0"]
[WhiteElo "1688"]
[BlackElo "1848"]
[PlyCount "45"]
[EventDate "2018.11.02"]
[EventType "swiss"]
[EventRounds "6"]
[EventCountry "ENG"]
[SourceTitle "BritBase"]
[Source "John Saunders"]
[SourceDate "2018.11.12"]
[SourceVersion "1"]
[SourceVersionDate "2018.11.12"]
[SourceQuality "1"]

1. e4 c5 2. b4 cxb4 3. a3 d5 4. e5 e6 5. axb4 Bxb4 6. c3 Be7 7. d4 h5 8. Nh3 Bd7 9. Nf4 Bg5 10. Be2 Bxf4 11. Bxf4 g5 12. Be3 Nc6 13. Bxh5 Qe7 14. Be2 Nh6 15. Qc1 Rg8 16. h4 Nf5 17. Bxg5 Qf8 18. g4 Nfxd4 19. cxd4 Nxd4 20. Qc3 Nb5 21. Bxb5 Bxb5 22. Qa3 Qg7 23. Qe7# 1-0

[Event "Hampshire Major"]
[Site "Fareham"]
[Date "2018.11.03"]
[Round "4"]
[White "Hudson, Jeremy"]
[Black "Venables, Simon"]
[Result "1/2-1/2"]
[WhiteElo "1656"]
[BlackElo "1784"]
[PlyCount "47"]
[EventDate "2018.11.02"]
[EventType "swiss"]
[EventRounds "6"]
[EventCountry "ENG"]
[SourceTitle "BritBase"]
[Source "John Saunders"]
[SourceDate "2018.11.12"]
[SourceVersion "1"]
[SourceVersionDate "2018.11.12"]
[SourceQuality "1"]

1. d4 d5 2. Nf3 Bf5 3. c4 e6 4. Qb3 Nc6 5. Qxb7 Nb4 6. Na3 Rb8 7. Qxa7 Ra8 8. Qb7 Rxa3 9. bxa3 Nc2+ 10. Kd2 Nxa1 11. Qc6+ Ke7 12. Nh4 Bb1 13. Bb2 g5 14. Nf3 g4 15. Ne5 f6 16. cxd5 Bf5 17. e4 Bh6+ 18. Kd1 fxe5 19. exf5 Qxd5 20. Qxc7+ Kf6 21. Qxe5+ Qxe5 22. dxe5+ Kxf5 23. Bd3+ Kg5 24. Bxa1 1/2-1/2

[Event "Hampshire Major"]
[Site "Fareham"]
[Date "2018.11.03"]
[Round "4"]
[White "Coburn, Joe"]
[Black "Sawers, Kevin"]
[Result "1/2-1/2"]
[WhiteElo "1576"]
[BlackElo "1616"]
[PlyCount "94"]
[EventDate "2018.11.02"]
[EventType "swiss"]
[EventRounds "6"]
[EventCountry "ENG"]
[SourceTitle "BritBase"]
[Source "John Saunders"]
[SourceDate "2018.11.12"]
[SourceVersion "1"]
[SourceVersionDate "2018.11.12"]
[SourceQuality "1"]

1. d4 Nf6 2. Nf3 g6 3. g3 Bg7 4. Bg2 O-O 5. O-O d6 6. c4 Nc6 7. Nc3 a6 8. e4 e5 9. d5 Na5 10. Qe2 c5 11. Bd2 Bg4 12. h3 Bd7 13. b3 Nh5 14. Rac1 b6 15. Rfe1 Qe8 16. g4 Nf6 17. Nd1 Qd8 18. Nh2 Ne8 19. f4 f5 20. exf5 gxf5 21. g5 e4 22. Bc3 Bd4+ 23. Kh1 b5 24. Qd2 Bxc3 25. Qxc3 b4 26. Qb2 Ng7 27. Qf2 Be8 28. Ne3 Bg6 29. Nhf1 Qd7 30. Ng3 Rae8 31. h4 Nh5 32. Bf1 Nxg3+ 33. Qxg3 Qf7 34. Be2 Bh5 35. Nxf5 Qxf5 36. Bxh5 Re7 37. Rf1 e3 38. Bg4 Qe4+ 39. Rf3 e2 40. Be6+ Kh8 41. Re1 Nb7 42. f5 Nd8 43. Qf2 Nxe6 44. Rxe2 Qxf3+ 45. Qxf3 Nd4 46. Rxe7 Nxf3 47. f6 Nxh4 1/2-1/2

[Event "Hampshire Major"]
[Site "Fareham"]
[Date "2018.11.03"]
[Round "4"]
[White "Hamilton, Melissa"]
[Black "Charalambous, Charlie"]
[Result "1/2-1/2"]
[WhiteElo "1744"]
[BlackElo "1384"]
[PlyCount "48"]
[EventDate "2018.11.02"]
[EventType "swiss"]
[EventRounds "6"]
[EventCountry "ENG"]
[SourceTitle "BritBase"]
[Source "John Saunders"]
[SourceDate "2018.11.12"]
[SourceVersion "1"]
[SourceVersionDate "2018.11.12"]
[SourceQuality "1"]

1. d4 Nf6 2. c4 g6 3. Nc3 Bg7 4. Nf3 O-O 5. e4 d6 6. Be2 Nc6 7. d5 Ne5 8. Nxe5 dxe5 9. f4 Nd7 10. Qc2 c6 11. O-O Qc7 12. b4 Qb6+ 13. Kh1 Qxb4 14. Rb1 Qa5 15. Bd2 Qc7 16. Qa4 Nc5 17. Qb4 Na6 18. Qa3 Qd6 19. Qb3 exf4 20. Bxf4 Be5 21. g3 h5 22. Rbd1 Bxf4 23. Rxf4 Nc5 24. Qb2 Qe5 1/2-1/2

[Event "Hampshire Major"]
[Site "Fareham"]
[Date "2018.11.04"]
[Round "5"]
[White "Belinger, John"]
[Black "Burton, Nick"]
[Result "1/2-1/2"]
[WhiteElo "1592"]
[BlackElo "1864"]
[PlyCount "40"]
[EventDate "2018.11.02"]
[EventType "swiss"]
[EventRounds "6"]
[EventCountry "ENG"]
[SourceTitle "BritBase"]
[Source "John Saunders"]
[SourceDate "2018.11.12"]
[SourceVersion "1"]
[SourceVersionDate "2018.11.12"]
[SourceQuality "1"]

1. e4 c5 2. d4 cxd4 3. c3 d3 4. Bxd3 d6 5. h3 e6 6. Nf3 Nf6 7. O-O Nbd7 8. Bg5 Be7 9. Re1 O-O 10. c4 a6 11. Nc3 b6 12. Rc1 Bb7 13. b3 Rc8 14. Qd2 Qc7 15. Bf4 Rfd8 16. Qe2 Ne5 17. Nxe5 dxe5 18. Be3 Qc6 19. Red1 Nd7 20. f3 Bc5 1/2-1/2

[Event "Hampshire Major"]
[Site "Fareham"]
[Date "2018.11.04"]
[Round "5"]
[White "Page, Robert"]
[Black "Hudson, Jeremy"]
[Result "1-0"]
[WhiteElo "1752"]
[BlackElo "1656"]
[PlyCount "65"]
[EventDate "2018.11.02"]
[EventType "swiss"]
[EventRounds "6"]
[EventCountry "ENG"]
[SourceTitle "BritBase"]
[Source "John Saunders"]
[SourceDate "2018.11.12"]
[SourceVersion "1"]
[SourceVersionDate "2018.11.12"]
[SourceQuality "1"]

1. e4 e5 2. Nf3 Nc6 3. Bc4 Bc5 4. c3 Nf6 5. d4 exd4 6. cxd4 Bb4+ 7. Bd2 Bxd2+ 8. Nbxd2 d6 9. O-O O-O 10. h3 h6 11. Re1 Nh5 12. d5 Ne7 13. e5 dxe5 14. Qb3 Nf4 15. Rad1 Nf5 16. Ne4 Nd6 17. Nxe5 b5 18. Bf1 Bd7 19. Qg3 Nxe4 20. Qxf4 Nf6 21. Nc6 Bxc6 22. dxc6 Qc8 23. Re7 Ne8 24. Bxb5 Nd6 25. Ba4 Re8 26. Rde1 Rxe7 27. Rxe7 Qd8 28. Qe5 Qf8 29. Rd7 Qe8 30. Qxe8+ Nxe8 31. Bb3 Kf8 32. Rxf7+ Kg8 33. Rxc7+ 1-0